000 00733na a2200253 4500
001 18392
003 MIRAKIL
005 20181213154945.0
008 161117b tu 000 0
020 _a9758572628
040 _aMilas
_btur
_cTR-AnCHP
041 _atur
082 _a338.6046
_b E67 2004
090 _a338.6046 E67 2004
100 _aErtuğrul, İlter
245 _aBiz vatan hainliğine devam ediyoruz
_cErtuğrul, İlter
260 _aAnkara
_bÜmit Yayıncılık
_c2004
300 _a336 s.
_c21 sm.
490 _aÜmit Yayıncılık
_v171
500 _aYapıt adı başında: Özelleştirmenin 10 yılı
650 _aÖzelleştirme
_zTürkiye
740 _aÖzelleştirmenin 10 yılı
942 _2ddc
_cBKS
999 _c3857
_d3857